000 00396nam a2200157Ia 4500
008 240729s9999 xx 000 0 und d
022 _a2578-2703
245 0 _aPlant Phenome Journal
260 _aUnited States
260 _bWiley
650 _a Plant culture
650 _aAgriculture
856 _uhttps://doaj.org/toc/7eb70084da0b466db81895ac8ed4d2fb
942 _2ddc
942 _cDOAJEJ
999 _c72558
_d72558
945 _a1
_bMadushi Gamage
_c1
_dMadushi Gamage